Moche, cosmología y sociedad : (Record no. 4131)

000 -CABECERA
fixed length control field 00777nam a22002297a 4500
003 - IDENTIFICADOR DEL NÚMERO DE CONTROL
control field AR-CdUCM
008 - DATOS DE LONGITUD FIJA--INFORMACIÓN GENERAL
fixed length control field 190308b ||||| |||| 00| 0 spa d
020 ## - NÚMERO INTERNACIONAL ESTÁNDAR DEL LIBRO
ISBN 978-9972-51-537-8
040 ## - FUENTE DE LA CATALOGACIÓN
Agencia/entidad que catalogó originalmente la obra MUNICIPALIDAD PROVINCIAL DEL CUSCO
Entidad que transcribió la catalogación BIBLIOTECA MUNICIPAL DEL CUSCO
082 ## - NÚMERO DE LA CLASIFICACIÓN DECIMAL DEWEY
No. de Clasificación 738.985 /
Notacion interna G66
100 ## - ENTRADA PRINCIPAL--NOMBRE DE PERSONA
Nombre Personal Golte, Jürgen
245 ## - MENCIÓN DE TÍTULO
Título Moche, cosmología y sociedad :
Resto del título una interpretación iconográfica /
260 ## - PUBLICACIÓN, DISTRIBUCIÓN, ETC.
Lugar de publicación, distribución, etc. Lima :
Nombre de la editorial, distribuidor, etc. Instituto de Estudios Peruanos,
Fecha de publicación, distribución, etc. 2015.
300 ## - DESCRIPCIÓN FÍSICA
Nº de Páginas Extensión 473 páginas ;
Otros detalles físicos Ilustraciones ,
Dimensiones 29 cm.
505 ## - NOTA DE CONTENIDO CON FORMATO
Nota de contenido formateada Introducción -- La Cosmovisión -- Ritos -- Narraciones -- Epilogo...
650 ## - PUNTO DE ACCESO ADICIONAL DE MATERIA--TÉRMINO DE MATERIA
Descriptor Arte
9 (RLIN) 561
650 ## - PUNTO DE ACCESO ADICIONAL DE MATERIA--TÉRMINO DE MATERIA
Descriptor Moche
9 (RLIN) 13089
650 ## - PUNTO DE ACCESO ADICIONAL DE MATERIA--TÉRMINO DE MATERIA
Descriptor Iconografía
9 (RLIN) 654
650 ## - PUNTO DE ACCESO ADICIONAL DE MATERIA--TÉRMINO DE MATERIA
Descriptor Cosmología
9 (RLIN) 13090
942 ## - ELEMENTOS DE PUNTO DE ACCESO ADICIONAL (KOHA)
Fuente de clasificación
Tipo de item Libros-BMC
945 ## - PROCESAMIENTO DE INFORMACIÓN LOCAL (OCLC)
Catalogador dmma
Holdings
Estado de retiro (separado) Fuente de clasificación o esquema de estanterías Estado dañado Ubicación Sala donde se ubica Nombre de la colección Fecha de adquisición o compra Costo, precio normal en soles Signatura topográfica Código de Barras Última vez visto (Koha) Tipo de ítem (Koha)
No     Sala Artes Sala Artes Book Cart 2019-03-08 100.00 738.985 / G66 SA0000000146 2019-03-08 Libros-BMC
No     Sala Artes Sala Artes Book Cart 2019-03-08 100.00 738.985 / G66 / e.2 SA0000000154 2019-03-08 Libros-BMC

Powered by Koha